ডক্টর ফাস্টাস / (Record no. 47684)
[ view plain ]
| 000 -LEADER | |
|---|---|
| fixed length control field | 00942nam a2200229 a 4500 |
| 001 - CONTROL NUMBER | |
| control field | 47684 |
| 003 - CONTROL NUMBER IDENTIFIER | |
| rucl marc code | BD-RjUL |
| 005 - DATE AND TIME OF LATEST TRANSACTION | |
| control field | 20211209054353.0 |
| 008 - FIXED-LENGTH DATA ELEMENTS--GENERAL INFORMATION | |
| fixed length control field | 160810r1981 bg ||||| |||| 00| 0 ben d |
| 035 ## - SYSTEM CONTROL NUMBER | |
| System control number | (BD-RjUL)47803 |
| 040 ## - CATALOGING SOURCE | |
| Original cataloging agency | BD-RjUL |
| Language of cataloging | ben |
| Transcribing agency | BD-RjUL |
| 041 ## - LANGUAGE CODE | |
| Language code of text/sound track or separate title | ben |
| 082 ## - DEWEY DECIMAL CLASSIFICATION NUMBER | |
| Edition number | 23 |
| Classification number | 822 |
| Author mark and year | MAD 1981 |
| 100 ## - MAIN ENTRY--PERSONAL NAME | |
| Personal name | মার্লো, ক্রিস্টোফার |
| 9 (RLIN) | 144873 |
| 245 ## - TITLE STATEMENT | |
| Title | ডক্টর ফাস্টাস / |
| Statement of responsibility, etc. | ক্রিস্টোফার মার্লো ; জিয়া হায়দার (অনুদিত ও সম্পািত) |
| 260 ## - PUBLICATION, DISTRIBUTION, ETC. (IMPRINT) | |
| Place of publication, distribution, etc. | ঢাকা : |
| Name of publisher, distributor, etc. | বাঙলা একাডেমী, |
| Date of publication, distribution, etc. | ১৯৮১ |
| 300 ## - PHYSICAL DESCRIPTION | |
| Pagination | ৫৮ পৃ. ; |
| Size | ২২ সেমি. |
| 650 ## - SUBJECT ADDED ENTRY--TOPICAL TERM | |
| Topical term or geographic name as entry element | ইংরেজি নাটক |
| 9 (RLIN) | 144874 |
| Topical term or geographic name as entry element | English Drama |
| 9 (RLIN) | 144875 |
| 700 ## - ADDED ENTRY--PERSONAL NAME | |
| Personal name | হায়দার, জিয়া (অনুদিত ও সম্পািত) |
| 942 ## - ADDED ENTRY ELEMENTS (KOHA) | |
| Source of classification or shelving scheme | Dewey Decimal Classification |
| Koha item type | Books |
| Lost status | Source of classification or shelving scheme | Damaged status | Not for loan | Collection code | Permanent Location | Current Location | Shelving location | Date acquired | Source of acquisition | Cost, normal purchase price | Total Checkouts | Full call number | Date last seen | Copy number | Koha item type | Date checked out |
|---|---|---|---|---|---|---|---|---|---|---|---|---|---|---|---|---|
| Dewey Decimal Classification | Non-fiction | Central Library, University of Rajshahi | Central Library, University of Rajshahi | Electronic Books | 01/01/1985 | Bangla acedemy | 8.00 | B 822 MAD 1981 | 10/08/2016 | C-2 | Books | |||||
| Dewey Decimal Classification | Non-fiction | Central Library, University of Rajshahi | Central Library, University of Rajshahi | Electronic Books | 01/01/1985 | Bangla acedemy | 8.00 | B 822 MAD 1981 | 10/08/2016 | C-3 | Books | |||||
| Dewey Decimal Classification | Non-fiction | Central Library, University of Rajshahi | Central Library, University of Rajshahi | Electronic Books | 01/01/1985 | Bangla acedemy | 8.00 | B 822 MAD 1981 | 10/08/2016 | C-4 | Books | |||||
| Dewey Decimal Classification | Non-fiction | Central Library, University of Rajshahi | Central Library, University of Rajshahi | Electronic Books | 01/01/1985 | Bangla acedemy | 8.00 | 1 | B 822 MAD 1981 | 03/10/2019 | C-5 | Books | 30/07/2019 | |||
| Dewey Decimal Classification | Non-fiction | Central Library, University of Rajshahi | Central Library, University of Rajshahi | Electronic Books | 01/01/1985 | Bangla acedemy | 8.00 | B 822 MAD 1981 | 10/08/2016 | C-6 | Books | |||||
| Dewey Decimal Classification | Non-fiction | Central Library, University of Rajshahi | Central Library, University of Rajshahi | Electronic Books | 01/01/1985 | Bangla acedemy | 8.00 | B 822 MAD 1981 | 10/08/2016 | C-7 | Books | |||||
| Dewey Decimal Classification | Non-fiction | Central Library, University of Rajshahi | Central Library, University of Rajshahi | Electronic Books | 01/01/1985 | Bangla acedemy | 8.00 | B 822 MAD 1981 | 10/08/2016 | C-8 | Books | |||||
| Dewey Decimal Classification | Non-fiction | Central Library, University of Rajshahi | Central Library, University of Rajshahi | Electronic Books | 01/01/1985 | Bangla acedemy | 8.00 | B 822 MAD 1981 | 10/08/2016 | C-9 | Books | |||||
| Dewey Decimal Classification | Non-fiction | Central Library, University of Rajshahi | Central Library, University of Rajshahi | Electronic Books | 01/01/1985 | Bangla acedemy | 8.00 | B 822 MAD 1981 | 10/08/2016 | C-10 | Books | |||||
| Dewey Decimal Classification | Not For Loan | Non-fiction | Central Library, University of Rajshahi | Central Library, University of Rajshahi | 01/01/1985 | Bangla acedemy | 8.00 | B 822 MAD 1981 | 10/08/2016 | C-1 | Books |